000 00843nam a2200241Ia 4500
003 OSt
005 20220918110716.0
006 a|||||r|||| 00| 0
007 ta
008 220915b |||||||| |||| 00| 0 hin d
024 _a208882
037 _cReference Collections
040 _aARTS
_cARTS
_bhin
041 _2hin
_ahin
082 _aP1528:4k, 152L7(RR)
100 _aसाकरिया, बदरी प्रसाद
_99130
245 0 _aराजस्थानी हिन्दी शब्द कोश
246 _aRājasthānī hindī shabda kosha
260 _aजयपुर
_bपंचशील प्रका0
_c1977
300 _a705पृ0
942 _hP1528:4k, 152L7(RR)
_cREF
999 _c114183
_d114183